Automatizácia v priemysle - meranie

Na minha lista:
Detalhes bibliográficos
Autor principal: Petrovič, Jozef
Outros Autores: Ivanič, Ján
Formato: Livro
Idioma:eslovaco
Publicado em: Bratislava Alfa 1982
Colecção:Edícia elektrotechnickej literatúry
Tags: Adicionar Tag
Sem tags, seja o primeiro a adicionar uma tag!

MARC

LEADER 00000nam a2200000 4500
001 c131412
005 20221220095630.3
041 0 |a slo 
044 |a SK 
245 1 0 |a Automatizácia v priemysle - meranie  |c Jozef Petrovič, Ján Ivanič 
264 1 |a Bratislava  |b Alfa  |c 1982 
300 |a 406 s. 
490 1 |a Edícia elektrotechnickej literatúry 
830 0 |a Edícia elektrotechnickej literatúry 
100 1 |a Petrovič, Jozef 
700 1 |a Ivanič, Ján